书目信息 |
| 题名: |
当代奇案选
|
|
| 作者: | 良夏 编 | |
| 分册: | ||
| 出版信息: | 武汉 武汉大学出版社 1984 |
|
| 页数: | 330页 | |
| 开本: | 19cm | |
| 丛书名: | 法制教育参考丛书 | |
| 单 册: | ||
| 中图分类: | D924.110.5 , D918 | |
| 科图分类: | ||
| 主题词: | 刑事犯罪--案例--中国--选集 , 法学--部门 | |
| 电子资源: | ||
| ISBN: | ||
| 000 | 00806nam2 2200289 45 | |
| 001 | 0184001380 | |
| 005 | 20040506080838.9 | |
| 010 | @dCNY1.50 | |
| 100 | @a19951017d1984 em y0chiy0121 ea | |
| 101 | 0 | @achi |
| 102 | @aCN@b420000 | |
| 105 | @ay z 000yy | |
| 106 | @ar | |
| 200 | 10 | @a当代奇案选@Adang dai qi an xuan@f良夏编 |
| 210 | @a武汉@c武汉大学出版社@d1984 | |
| 215 | @a330页@d19cm | |
| 225 | 2 | @a法制教育参考丛书@i《科学与人》丛书 |
| 410 | 0 | @120010@a《科学与人》丛书 |
| 461 | 0 | @120010@a法制教育参考丛书 |
| 606 | @a刑事犯罪@x案例@y中国@x选集 | |
| 606 | 0 | @a法学@x部门 |
| 690 | @aD924.110.5@v3 | |
| 690 | @aD918 | |
| 701 | 0 | @a良夏@4编@Aliang xia |
| 801 | 0 | @aCN@b深圳图书馆@c20040506 |
| 801 | 2 | @aCN@bNLC@c20040506 |
| 905 | @f2@b128150-151@f1@b128148@f3@b128144-146@dD918@e62 | |
| 当代奇案选/良夏编.-武汉:武汉大学出版社,1984 |
| 330页;19cm.-(法制教育参考丛书.《科学与人》丛书) |
| ISBN :CNY1.50 |
| ● |
| 相关链接 |
|
|
|
|
正题名:当代奇案选
索取号:D918/62
 
预约/预借
| 序号 | 登录号 | 条形码 | 馆藏地/架位号 | 状态 | 备注 |
| 1 | 0128144 | 000367882 | 密集书库/ [索取号:D918/62] | 在馆 | |
| 2 | 0128145 | 000367873 | 密集书库/ [索取号:D918/62] | 在馆 | |
| 3 | 0128146 | 000367908 | 密集书库/ [索取号:D918/62] | 在馆 | |
| 4 | 0128147 | 001257712 | 密集书库/ [索取号:D918/62] | 在馆 | |
| 5 | 0128148 | 000367917 | 第一借阅区/ [索取号:D918/62] | 在馆 | |
| 6 | 0128150 | 000780505 | 第一借阅区/ [索取号:D918/62] | 在馆 | |
| 7 | 0128151 | 000367864 | 密集书库/ [索取号:D918/62] | 在馆 | |
| 8 | 0128152 | 000367891 | 第一样本阅览室/ [索取号:D918/62] | 在馆 |